Allemand Kapitel 4.1 - Statistiques

Statistiques générales
  • Ce quiz a été pris 37 fois
  • Le résultat moyen est 10 sur 30
Statistiques - réponses
Français Allemand % Correct
regarder la TV fernsehen
88%
le puzzle das Puzzle
75%
les puzzles die Puzzles
75%
le Monde / la Terre die Welt
75%
les Mondes die Welten
63%
le jeune der Jungendliche
50%
la jeune die Jungendliche
50%
les jeunes die Jungendlichen
50%
le quotidien der Alltag
38%
la détente die Entspannung
38%
les soins die Pflege
38%
fainéanter faulenzen
38%
conj. sieht fern, sah fern, hat ferngesehen
38%
travailler à temps partiel Teilzeit arbeiten
38%
la moyenne der Durchschnitt
25%
le retraité der Ruheständler / der Pensionierte / der Pensionär
25%
le temps mort die Auszeit
25%
les temps morts die Auszeiten
25%
les retraités die Ruheständler / die Pensionierten / die Pensionäre
25%
moyen(ne) durchschnittlich
25%
le jeu de société das Gesellschaftsspiel
13%
l'instinct du jeu der Spieltrieb
13%
les jeux de société die Gesellschaftsspiele
13%
passer le temps Zeit verbringen mit (+ dat.) / sich die Zeit vertreiben mit + (dat.)
13%
l'organisation des loisirs die Freizeitgestaltung
0%
le rendez-vous die Verabredung
0%
les rendez-vous die Verabredungen
0%
entreprende qqc avec qqu etwas mit jdm. unternehmen
0%
s'occuper de qqu/c sich kümmern um (+akk.)
0%
conj. unternimmt, unternahm, hat unternommen
0%
Aucun quiz correspondant
Distribution des résultats
% des personnes avec chaque résultat
Percentile par nombre de réponses
Votre historique - résultats
Vous n’avez pas pris ce quiz